5HLuxD.jpg

KING HENRY VIII SENIOR AND PRIMARY SCHOOL LIBRARY OPAC

The Hunger Games / (Record no. 3690)

000 -LEADER
fixed length control field 01338cam a2200289 a 4500
001 - CONTROL NUMBER
control field 598375
003 - CONTROL NUMBER IDENTIFIER
control field OSt
005 - DATE AND TIME OF LATEST TRANSACTION
control field 20240807112643.0
008 - FIXED-LENGTH DATA ELEMENTS--GENERAL INFORMATION
fixed length control field 071102s2008 enk d 000 0 eng d
020 ## - INTERNATIONAL STANDARD BOOK NUMBER
International Standard Book Number 9781407109084 :
Qualifying information (pbk.)
040 ## - CATALOGING SOURCE
Original cataloging agency TPTC
Transcribing agency KH8
042 ## - AUTHENTICATION CODE
Authentication code nbic
082 ## - DEWEY DECIMAL CLASSIFICATION NUMBER
Classification number FIC COL
100 1# - MAIN ENTRY--PERSONAL NAME
Personal name Collins, Suzanne,
Relator term author.
245 14 - TITLE STATEMENT
Title The Hunger Games /
Statement of responsibility, etc. Suzanne Collins.
260 ## - PUBLICATION, DISTRIBUTION, ETC.
Place of publication, distribution, etc. New York :
Name of publisher, distributor, etc. Scholastic,
Date of publication, distribution, etc. c2008,2009.
300 ## - PHYSICAL DESCRIPTION
Extent 374 p. ;
Dimensions 21 cm.
500 ## - GENERAL NOTE
General note First Scholastic paperback printing,September 2009.
520 ## - SUMMARY, ETC.
Summary, etc. May the odds be ever in your favour. Winning will make you famous. Losing means certain death. In a dark vision of the near future, twelve boys and twelve girls are forced to appear in a live TV show called the Hunger Games. There is only one rule: kill or be killed. When sixteen-year-old Katniss Everdeen steps forward to take her sister's place in the games, she sees it as a death sentence. But Katniss has been close to death before. For her, survival is second nature.
600 10 - SUBJECT ADDED ENTRY--PERSONAL NAME
Personal name Everdeen, Katniss
Titles and other words associated with a name (Fictitious character)
Form subdivision Fiction.
650 #0 - SUBJECT ADDED ENTRY--TOPICAL TERM
Topical term or geographic name entry element Reality television programs
Form subdivision Fiction.
650 #0 - SUBJECT ADDED ENTRY--TOPICAL TERM
Topical term or geographic name entry element Contests
Form subdivision Juvenile fiction.
650 #0 - SUBJECT ADDED ENTRY--TOPICAL TERM
Topical term or geographic name entry element Survival
Form subdivision Juvenile fiction.
650 #0 - SUBJECT ADDED ENTRY--TOPICAL TERM
Topical term or geographic name entry element Young adult fiction.
830 #0 - SERIES ADDED ENTRY--UNIFORM TITLE
Uniform title Hunger Games (Series) ;
Volume/sequential designation 1.
942 ## - ADDED ENTRY ELEMENTS (KOHA)
Source of classification or shelving scheme
Koha item type Books - Fiction
Holdings
Withdrawn status Lost status Source of classification or shelving scheme Damaged status Not for loan Collection code Permanent Location Current Location Shelving location Date acquired Full call number Barcode Date last seen Price effective from Koha item type
          Fiction KH8 Senior School Library KH8 Senior School Library Fiction 2024-08-07 FIC COL 3KHSL000102048 2024-08-07 2024-08-07 Books - Fiction

Powered By KH8 IT Dept